[Event "XI Festival Magistrale"]
[Site "Celle Ligure ITA"]
[Date "1996.03.??"]
[Round "3"]
[White "Collareta, Giovanni"]
[Black "Cazzaniga, Walter"]
[Result "1/2-1/2"]
[WhiteElo "2250"]
[BlackElo "2190"]
[PlyCount "87"]
[EventDate "1996.03.30"]

1. c4 Nf6 2. Nf3 g6 3. g3 Bg7 4. Bg2 c5 5. O-O O-O 6. Nc3 Nc6 7. d4 cxd4 8.
Nxd4 Ng4 9. e3 Nxd4 10. exd4 d6 11. b3 Nh6 12. Bb2 Nf5 13. Ne2 Rb8 14. a4 a6
15. Qd2 e6 16. Rfd1 Re8 17. Bc3 b6 18. Rab1 Qc7 19. Qa2 Bb7 20. d5 e5 21. Rbc1
Bh6 22. Bd2 Bg7 23. Bc3 Bc8 24. a5 Nd4 25. Nxd4 exd4 26. Bxd4 Bxd4 27. Rxd4 Qc5
28. Qd2 bxa5 29. Rh4 f6 30. Qc3 Kg7 31. Rf4 Re5 32. h4 h5 33. Ra1 Rb4 34. Bf1
Bd7 35. Bd3 a4 36. bxa4 Bxa4 37. Bxg6 Kxg6 38. Rxa4 a5 39. Qc2+ f5 40. Qa2 Rxa4
41. Qxa4 Qb4 42. Qd7 a4 43. Qd8 a3 44. Qg8+ 1/2-1/2

[Event "XI Festival Magistrale"]
[Site "Celle Ligure ITA"]
[Date "1996.03.??"]
[Round "3"]
[White "Cordara, Michele"]
[Black "Valenti, Giuseppe"]
[Result "1-0"]
[WhiteElo "2200"]
[BlackElo "2210"]
[PlyCount "69"]
[EventDate "1996.03.30"]

1. d4 Nf6 2. Nf3 b6 3. Bf4 Bb7 4. e3 e6 5. Nbd2 Be7 6. Bd3 Nh5 7. Bg3 Nxg3 8.
hxg3 h6 9. Qe2 d6 10. O-O-O Nd7 11. g4 c5 12. Kb1 Qc7 13. g5 O-O-O 14. gxh6
gxh6 15. Ba6 Kb8 16. Bxb7 Qxb7 17. g3 cxd4 18. exd4 Rc8 19. Rh3 Nf6 20. Rdh1
Qc6 21. c3 Bf8 22. Ne5 Qc7 23. Ng4 Ng8 24. d5 e5 25. Qf3 Qd7 26. Rh5 Ne7 27.
Nxh6 Bxh6 28. Rxh6 Rxh6 29. Rxh6 f5 30. c4 Qe8 31. Rxd6 e4 32. Qf4 Ka8 33. Re6
Qa4 34. b3 Qd7 35. Qd6 1-0

[Event "XI Festival Magistrale"]
[Site "Celle Ligure ITA"]
[Date "1996.03.??"]
[Round "3"]
[White "Cugini, Verter"]
[Black "Zoldan, Matteo"]
[Result "1/2-1/2"]
[WhiteElo "2260"]
[BlackElo "1972"]
[PlyCount "83"]
[EventDate "1996.03.30"]

1. e4 c5 2. g3 Nc6 3. Bg2 g6 4. Ne2 Bg7 5. O-O d6 6. c3 e5 7. d3 Nge7 8. Be3
O-O 9. Qd2 f5 10. Bh6 Be6 11. Bxg7 Kxg7 12. Qe3 Qb6 13. Qc1 d5 14. exd5 Bxd5
15. Nd2 Rad8 16. Qc2 Bxg2 17. Kxg2 Qa6 18. Nc1 Rd5 19. Qb3 e4 20. c4 Rd4 21.
Qc3 Qa5 22. Ndb3 Qxc3 23. bxc3 Rd6 24. Nxc5 b6 25. N5b3 exd3 26. c5 Rd7 27.
cxb6 axb6 28. Nd2 Rfd8 29. Rb1 Nc8 30. Re1 Kf6 31. f4 Re7 32. Rxe7 N6xe7 33.
Kf3 Nd5 34. c4 Nc3 35. Rb2 Ne4 36. Ke3 Nc5 37. Ncb3 Re8+ 38. Kd4 Rd8+ 39. Ke3
Re8+ 40. Kd4 Rd8+ 41. Ke3 Re8+ 42. Kd4 1/2-1/2

[Event "XI Festival Magistrale"]
[Site "Celle Ligure ITA"]
[Date "1996.03.??"]
[Round "3"]
[White "Di Paolo, Raffaele"]
[Black "Zlochevskij, Alexander"]
[Result "1/2-1/2"]
[WhiteElo "2275"]
[BlackElo "2405"]
[PlyCount "26"]
[EventDate "1996.03.30"]

1. e4 d5 2. exd5 Nf6 3. c4 c6 4. Nc3 cxd5 5. cxd5 Nxd5 6. Nf3 e6 7. d4 Be7 8.
Bd3 Nc6 9. O-O O-O 10. Re1 Bf6 11. Ne4 Bxd4 12. Nxd4 Nxd4 13. Qh5 Nf5 1/2-1/2

[Event "XI Festival Magistrale"]
[Site "Celle Ligure ITA"]
[Date "1996.03.??"]
[Round "3"]
[White "Efimov, Igor"]
[Black "Ortega, Lexy"]
[Result "1-0"]
[WhiteElo "2455"]
[BlackElo "2490"]
[PlyCount "56"]
[EventDate "1996.03.30"]

1. d4 Nf6 2. c4 e6 3. Bg5 h6 4. Bh4 c5 5. d5 exd5 6. cxd5 d6 7. e3 Qa5+ 8. Nc3
g5 9. Bg3 Ne4 10. Bb5+ Nd7 11. Nge2 Bg7 12. Qc2 Nxg3 13. hxg3 a6 14. Bd3 b5 15.
O-O Qd8 16. f4 Qe7 17. a4 b4 18. Ne4 Nb6 19. Rad1 Bb7 20. g4 Nxd5 21. Rf3 gxf4
22. Bc4 Nxe3 23. Rxe3 fxe3 24. Nxd6+ Kf8 25. Rf1 Qxd6 26. Rxf7+ Ke8 27. Rxb7
Be5 28. Bd3 Rg8 1-0

[Event "XI Festival Magistrale"]
[Site "Celle Ligure ITA"]
[Date "1996.03.??"]
[Round "3"]
[White "Egartner, Wolfgang"]
[Black "Ayza Ballester, Jordi"]
[Result "0-1"]
[WhiteElo "2195"]
[BlackElo "2310"]
[PlyCount "58"]
[EventDate "1996.03.30"]

1. c4 c5 2. Nf3 g6 3. Nc3 Bg7 4. d4 cxd4 5. Nxd4 Nc6 6. Nxc6 bxc6 7. g3 Nf6 8.
Bg2 O-O 9. O-O Qb6 10. Qc2 d6 11. Bd2 Bf5 12. e4 Be6 13. b3 Nd7 14. Rad1 Nc5
15. Be3 Qb4 16. Bd4 Bxd4 17. Rxd4 a5 18. f4 a4 19. Nxa4 Nxa4 20. bxa4 Rxa4 21.
f5 c5 22. fxe6 cxd4 23. e5 dxe5 24. exf7+ Kg7 25. Bd5 Ra3 26. Rb1 Qd6 27. Rb7
e6 28. Qb2 exd5 29. Rb6 Rxa2 0-1

[Event "XI Festival Magistrale"]
[Site "Celle Ligure ITA"]
[Date "1996.03.??"]
[Round "3"]
[White "Escofet, Jaime"]
[Black "Cirabisi, Federico"]
[Result "0-1"]
[WhiteElo "2215"]
[BlackElo "2205"]
[PlyCount "94"]
[EventDate "1996.03.30"]

1. c4 f5 2. g3 Nf6 3. Bg2 e6 4. Nc3 d5 5. cxd5 exd5 6. d4 c6 7. Nf3 Bd6 8. Ne5
Be6 9. Qb3 Qc7 10. f4 Nbd7 11. Bd2 O-O 12. Rc1 Qb6 13. Qxb6 axb6 14. a3 b5 15.
Nd3 Nb6 16. Na2 Ne4 17. Bxe4 dxe4 18. Ndb4 Rfd8 19. e3 Nc4 20. Rc2 h5 21. Ke2
h4 22. Bc3 Bf7 23. Kf2 Bh5 24. Nc1 Kf7 25. Ne2 Rh8 26. Rcc1 Bf3 27. h3 Bxh1 28.
Rxh1 Be7 29. g4 fxg4 30. hxg4 Bxb4 31. axb4 Ra2 32. Nc1 Raa8 33. Nb3 g5 34. f5
b6 35. Nd2 Rhe8 36. Nxc4 bxc4 37. Rd1 Red8 38. Ke2 Rd5 39. Rc1 b5 40. Rg1 Ra2
41. Rb1 Rd8 42. Rd1 Ke7 43. Rf1 Kf7 44. Rd1 c5 45. Rd2 cxb4 46. Bxb4 h3 47. Kf2
h2 0-1

[Event "XI Festival Magistrale"]
[Site "Celle Ligure ITA"]
[Date "1996.03.??"]
[Round "3"]
[White "Nurkic, Sahbaz"]
[Black "D'Apa, Stefano"]
[Result "1-0"]
[WhiteElo "2365"]
[BlackElo "2210"]
[PlyCount "91"]
[EventDate "1996.03.30"]

1. e4 e6 2. d4 d5 3. Nd2 c5 4. Ngf3 a6 5. exd5 exd5 6. dxc5 Bxc5 7. Nb3 Bd6 8.
c3 Ne7 9. Bd3 O-O 10. O-O Nbc6 11. Re1 h6 12. h3 Bf5 13. Nbd4 Bxd3 14. Qxd3 Qd7
15. Be3 Rfe8 16. Rad1 Bc7 17. Nb3 Rad8 18. Bc5 Qc8 19. Qc2 b6 20. Ba3 Bd6 21.
Bxd6 Rxd6 22. Nbd4 Rdd8 23. Qb3 b5 24. Nxc6 Qxc6 25. Nd4 Qf6 26. Re3 Qd6 27.
Rde1 Qd7 28. Qa3 Nc6 29. Qxa6 Nxd4 30. cxd4 Rxe3 31. Rxe3 Rc8 32. Rg3 Rc6 33.
Qa3 Rc1+ 34. Kh2 Qf5 35. Qa8+ Rc8 36. Qa6 Rc2 37. Qxh6 g6 38. Re3 Qc8 39. Qf4
Rxb2 40. Re7 Qf5 41. Re8+ Kg7 42. Qh4 Qh5 43. Qd8 Qf5 44. Rg8+ Kh7 45. Rh8+ Kg7
46. Rh4 1-0

[Event "XI Festival Magistrale"]
[Site "Celle Ligure ITA"]
[Date "1996.03.??"]
[Round "3"]
[White "Vismara, Daniele"]
[Black "Astengo, Marcello"]
[Result "1-0"]
[WhiteElo "2235"]
[BlackElo "2095"]
[PlyCount "77"]
[EventDate "1996.03.30"]

1. e4 e6 2. d4 d5 3. e5 c5 4. c3 Nc6 5. Nf3 Qb6 6. a3 Bd7 7. b4 cxd4 8. cxd4
Rc8 9. Bb2 Nh6 10. Nc3 Be7 11. Na4 Qd8 12. Bd3 O-O 13. O-O Nf5 14. Qb3 Nh4 15.
Nxh4 Bxh4 16. Nc5 Rc7 17. Rac1 f5 18. f4 Bc8 19. Bb5 Be7 20. Rc2 g5 21. Rfc1
Bxc5 22. Rxc5 Bd7 23. Bf1 gxf4 24. Qf3 Qe7 25. Qxf4 Rcc8 26. b5 Na5 27. a4 Nc4
28. Bxc4 dxc4 29. Ba3 Rcd8 30. Qg3+ Qg7 31. Qxg7+ Kxg7 32. Rc7 Rf7 33. Rxb7 Bc8
34. Rxf7+ Kxf7 35. Rxc4 a6 36. Rc7+ Kg6 37. Bc5 f4 38. b6 Bd7 39. b7 1-0

[Event "XI Festival Magistrale"]
[Site "Celle Ligure ITA"]
[Date "1996.03.??"]
[Round "4"]
[White "Astengo, Marcello"]
[Black "Cordara, Michele"]
[Result "0-1"]
[WhiteElo "2095"]
[BlackElo "2200"]
[PlyCount "77"]
[EventDate "1996.03.30"]

1. d4 Nf6 2. c4 e5 3. dxe5 Ng4 4. Bf4 Nc6 5. Nf3 Bb4+ 6. Nc3 Bxc3+ 7. bxc3 Qe7
8. Qd5 f6 9. exf6 Nxf6 10. Qd2 Ne4 11. Qc2 d6 12. e3 g5 13. Bd3 Nxf2 14. Bg6+
hxg6 15. Qxg6+ Kf8 16. Bxg5 Qe6 17. Qxe6 Bxe6 18. Kxf2 Bxc4 19. h4 Re8 20. h5
Ne5 21. Rh4 Nd3+ 22. Kg1 Bf7 23. h6 Re6 24. Rd1 Nc5 25. Rf1 Ke8 26. Rf4 Bg6 27.
Nd4 Bd3 28. Nxe6 Nxe6 29. Rd1 Nxf4 30. exf4 Bf5 31. Re1+ Kd7 32. Re7+ Kc6 33.
Rf7 Bg4 34. f5 Bh5 35. Rg7 Kd5 36. Rxc7 Ke5 37. f6 Kf5 38. Rg7 Bg6 39. f7 0-1

[Event "XI Festival Magistrale"]
[Site "Celle Ligure ITA"]
[Date "1996.03.??"]
[Round "4"]
[White "Ayza Ballester, Jordi"]
[Black "Naumkin, Igor"]
[Result "0-1"]
[WhiteElo "2310"]
[BlackElo "2480"]
[PlyCount "52"]
[EventDate "1996.03.30"]

1. e4 e6 2. d3 d5 3. Nd2 Nf6 4. Ngf3 Nc6 5. Be2 e5 6. c3 a5 7. a4 Be7 8. O-O
O-O 9. Qc2 Re8 10. Re1 Bf8 11. Nf1 h6 12. Ne3 g6 13. Bf1 Bg7 14. g3 Be6 15. Bg2
Qd7 16. exd5 Nxd5 17. Nc4 Bh3 18. Bh1 Rad8 19. Qb3 Bf5 20. Rd1 b6 21. Nh4 Bg4
22. Re1 g5 23. Ng2 Ndb4 24. f3 Bxf3 25. cxb4 Nd4 26. Qc3 e4 0-1

[Event "XI Festival Magistrale"]
[Site "Celle Ligure ITA"]
[Date "1996.03.??"]
[Round "4"]
[White "Corvi, Marco"]
[Black "Zoldan, Matteo"]
[Result "1/2-1/2"]
[WhiteElo "2215"]
[BlackElo "1972"]
[PlyCount "72"]
[EventDate "1996.03.30"]

1. e4 c5 2. Nc3 d6 3. g3 Nc6 4. Bg2 g6 5. d3 Bg7 6. Be3 e5 7. Qd2 Nd4 8. Nd1
Ne7 9. c3 Ne6 10. f4 O-O 11. Nf3 f5 12. O-O Bd7 13. fxe5 dxe5 14. Ng5 Qc7 15.
exf5 gxf5 16. Nxe6 Bxe6 17. Bh6 Rad8 18. Bxg7 Kxg7 19. Nf2 Bd5 20. Qg5+ Ng6 21.
Bh3 Qe7 22. Qh5 Be6 23. Rae1 Kh8 24. a3 Qg7 25. Bg2 Bd5 26. Bxd5 Rxd5 27. Kh1
Qd7 28. Qf3 b6 29. Qg2 Rd6 30. h4 Qg7 31. h5 Ne7 32. Qh2 Nc6 33. Qh4 Rg8 34.
Rg1 Qg5 35. Qxg5 Rxg5 36. g4 fxg4 1/2-1/2

[Event "XI Festival Magistrale"]
[Site "Celle Ligure ITA"]
[Date "1996.03.??"]
[Round "4"]
[White "D'Apa, Stefano"]
[Black "Egartner, Wolfgang"]
[Result "0-1"]
[WhiteElo "2210"]
[BlackElo "2195"]
[PlyCount "112"]
[EventDate "1996.03.30"]

1. e4 c5 2. Nc3 e6 3. g3 Nc6 4. Bg2 g6 5. d3 Bg7 6. f4 d6 7. Nf3 Nge7 8. O-O
O-O 9. Ne2 b6 10. c3 Bb7 11. g4 f5 12. Qb3 d5 13. gxf5 Na5 14. Qc2 dxe4 15.
dxe4 exf5 16. Ng5 Qc8 17. e5 Bxg2 18. Kxg2 Qc6+ 19. Kg1 Rfd8 20. b3 h6 21. Nf3
Rd7 22. Bd2 Qe4 23. Qd1 Rad8 24. Ng3 Qd3 25. Rf2 Nd5 26. Qf1 Nxc3 27. Qxd3 Rxd3
28. Bxc3 Rxc3 29. Ne1 Nc6 30. Ne2 Re3 31. Kg2 g5 32. Nc2 Re4 33. Raf1 Rd2 34.
Ng3 Rxf2+ 35. Rxf2 Rxf4 36. Rxf4 gxf4 37. Nxf5 Nxe5 38. Ne7+ Kf7 39. Nc8 Nc6
40. Nd6+ Ke6 41. Ne4 Ke5 42. Nd2 Kf5 43. h3 b5 44. Kf3 Bc3 45. Nf1 Ne5+ 46. Ke2
Ke4 47. Na3 f3+ 48. Kd1 a6 49. Nb1 Kd3 50. Ng3 Bb4 51. Nf1 h5 52. a3 Ba5 53. a4
Bb4 54. axb5 axb5 55. Ng3 h4 56. Nf5 f2 0-1

[Event "XI Festival Magistrale"]
[Site "Celle Ligure ITA"]
[Date "1996.03.??"]
[Round "4"]
[White "Giuriati, Paolo"]
[Black "Mollero, Michele"]
[Result "1/2-1/2"]
[WhiteElo "2119"]
[BlackElo "1969"]
[PlyCount "49"]
[EventDate "1996.03.30"]

1. d4 Nf6 2. c4 e5 3. dxe5 Ng4 4. Nf3 Bc5 5. e3 Nc6 6. Nc3 O-O 7. Be2 Ngxe5 8.
Nxe5 Nxe5 9. O-O Re8 10. b3 a5 11. Bb2 Ra6 12. Ne4 Bf8 13. Ng3 Qh4 14. Qd4 Qxd4
15. exd4 Ng6 16. c5 Ra8 17. Bc4 d6 18. Rfe1 Bd7 19. Ne4 Bf5 20. Ng5 Nh8 21. Bc3
h6 22. Nf3 dxc5 23. Rxe8 Rxe8 24. dxc5 Bxc5 25. Bxa5 1/2-1/2

[Event "XI Festival Magistrale"]
[Site "Celle Ligure ITA"]
[Date "1996.03.??"]
[Round "4"]
[White "Marinescu, Marian"]
[Black "Cugini, Verter"]
[Result "0-1"]
[WhiteElo "2140"]
[BlackElo "2260"]
[PlyCount "28"]
[EventDate "1996.03.30"]

1. g3 e5 2. Bg2 Nc6 3. e4 Nf6 4. d3 Bc5 5. Nf3 d6 6. O-O Bg4 7. h3 Bh5 8. c3
Qd7 9. Nbd2 O-O 10. Qc2 Rad8 11. a4 a5 12. Nc4 Bxf3 13. Bxf3 Qxh3 14. Bg5 Qxg3+
0-1

[Event "XI Festival Magistrale"]
[Site "Celle Ligure ITA"]
[Date "1996.03.??"]
[Round "4"]
[White "Ortega, Lexy"]
[Black "Di Paolo, Raffaele"]
[Result "1-0"]
[WhiteElo "2490"]
[BlackElo "2275"]
[PlyCount "97"]
[EventDate "1996.03.30"]

1. d4 Nf6 2. c4 g6 3. Nc3 Bg7 4. e4 d6 5. Bd3 O-O 6. Nge2 Na6 7. O-O e5 8. d5
Nc5 9. Bc2 a5 10. a3 Nh5 11. Be3 f5 12. exf5 gxf5 13. f4 exf4 14. Nxf4 Nxf4 15.
Bxf4 Bd7 16. Qd2 Qh4 17. Rf3 Rae8 18. Raf1 Kh8 19. b4 axb4 20. axb4 Ne4 21.
Nxe4 fxe4 22. Bg5 Qh5 23. Rxf8+ Bxf8 24. Bxe4 Bg7 25. Bd3 Rg8 26. Kh1 Be5 27.
Bf6+ Bxf6 28. Rxf6 Qe5 29. Qh6 Qe1+ 30. Rf1 Qe7 31. h3 b6 32. Kh2 Qe5+ 33. Qf4
Qg7 34. Rf2 Re8 35. Rf3 Rg8 36. Bf1 Bc8 37. g4 Re8 38. Bd3 Qb2+ 39. Kg3 Qg7 40.
g5 Rg8 41. h4 Bd7 42. Qf6 Re8 43. h5 Qxf6 44. Rxf6 Re3+ 45. Rf3 Rxf3+ 46. Kxf3
Be8 47. Kg4 Kg7 48. b5 h6 49. g6 1-0

[Event "XI Festival Magistrale"]
[Site "Celle Ligure ITA"]
[Date "1996.03.??"]
[Round "4"]
[White "Sulava, Nenad"]
[Black "Collareta, Giovanni"]
[Result "1-0"]
[WhiteElo "2480"]
[BlackElo "2250"]
[PlyCount "73"]
[EventDate "1996.03.30"]

1. d4 d5 2. c4 c6 3. Nf3 Nf6 4. Nc3 g6 5. e3 Bg7 6. Bd3 O-O 7. O-O dxc4 8. Bxc4
Bg4 9. h3 Bxf3 10. Qxf3 Nbd7 11. Rd1 e5 12. d5 e4 13. Nxe4 Nxe4 14. Qxe4 Nb6
15. Rb1 Re8 16. Qd3 Nxd5 17. e4 Nb6 18. Bxf7+ Kxf7 19. Qb3+ Nd5 20. exd5 Qb6
21. Qf3+ Kg8 22. Be3 Qa5 23. dxc6 bxc6 24. Rd7 Qf5 25. Qxf5 gxf5 26. b4 Re4 27.
Rxa7 Rxa7 28. Bxa7 Bd4 29. Bxd4 Rxd4 30. a4 Rd2 31. b5 cxb5 32. axb5 Rd7 33. b6
Rb7 34. Kh2 Kg7 35. Kg3 Kg6 36. Kf4 Kf6 37. Rb5 1-0

[Event "XI Festival Magistrale"]
[Site "Celle Ligure ITA"]
[Date "1996.03.??"]
[Round "4"]
[White "Vismara, Daniele"]
[Black "Nurkic, Sahbaz"]
[Result "1-0"]
[WhiteElo "2235"]
[BlackElo "2365"]
[PlyCount "68"]
[EventDate "1996.03.30"]

1. e4 g6 2. d4 Bg7 3. Nf3 c6 4. c3 d6 5. h3 Nf6 6. Bd3 Qc7 7. O-O e5 8. dxe5
dxe5 9. Qe2 O-O 10. Rd1 Nbd7 11. Be3 Nh5 12. g3 Re8 13. Kh2 Nf8 14. Qc2 Ne6 15.
Nbd2 Rf8 16. b4 b6 17. a4 Kh8 18. Nb3 Rb8 19. a5 Qe7 20. axb6 axb6 21. Ba6 c5
22. bxc5 bxc5 23. Rd5 Bxa6 24. Rxa6 Rfc8 25. Rad6 Nd4 26. cxd4 cxd4 27. Bg5 f6
28. Rc6 Rxc6 29. Qxc6 fxg5 30. Nbd2 g4 31. Rd7 Qf8 32. hxg4 Nf6 33. Rb7 Nxe4
34. Kg2 Re8 1-0

[Event "XI Festival Magistrale"]
[Site "Celle Ligure ITA"]
[Date "1996.03.??"]
[Round "5"]
[White "Cazzaniga, Walter"]
[Black "Ayza Ballester, Jordi"]
[Result "0-1"]
[WhiteElo "2190"]
[BlackElo "2310"]
[PlyCount "92"]
[EventDate "1996.03.30"]

1. d4 Nf6 2. c4 e5 3. dxe5 Ng4 4. Bf4 Nc6 5. Nf3 Bb4+ 6. Nbd2 Qe7 7. e3 Ngxe5
8. Nxe5 Nxe5 9. Be2 O-O 10. O-O Ng6 11. Bg3 Bd6 12. Bxd6 Qxd6 13. Qc2 Qe7 14.
c5 d5 15. cxd6 Qxd6 16. Rfd1 Qe7 17. Rac1 c6 18. Nc4 Be6 19. Nd6 Rfd8 20. Nf5
Qg5 21. Ng3 Qa5 22. a3 Qb6 23. b4 a5 24. Qc3 axb4 25. axb4 Rxd1+ 26. Rxd1 Rd8
27. Rxd8+ Qxd8 28. Ne4 Bd5 29. Qd4 Qh4 30. f4 Qe1+ 31. Bf1 Ne7 32. Qc3 Qb1 33.
Nd2 Qe1 34. Qd3 f5 35. Qc2 Qa1 36. Qd3 b5 37. Kf2 Qb2 38. Qd4 Qxd4 39. exd4 Be6
40. Nf3 Nd5 41. Ne5 Nxb4 42. Bd3 Nxd3+ 43. Nxd3 Bd5 44. g3 Kf7 45. Ke3 Ke6 46.
Kd2 Be4 0-1

[Event "XI Festival Magistrale"]
[Site "Celle Ligure ITA"]
[Date "1996.03.??"]
[Round "5"]
[White "Collareta, Giovanni"]
[Black "Egartner, Wolfgang"]
[Result "1-0"]
[WhiteElo "2250"]
[BlackElo "2195"]
[PlyCount "35"]
[EventDate "1996.03.30"]

1. c4 Nf6 2. Nf3 e6 3. Nc3 b6 4. e4 d6 5. d4 Bb7 6. Bd3 Be7 7. O-O Nbd7 8. b3
O-O 9. Bb2 c5 10. Bc2 Qc7 11. Re1 a6 12. Qd3 cxd4 13. Nxd4 Rac8 14. Rad1 Qb8
15. Qg3 Rfd8 16. Bb1 Nf8 17. Nd5 Bxd5 18. exd5 1-0

[Event "XI Festival Magistrale"]
[Site "Celle Ligure ITA"]
[Date "1996.03.??"]
[Round "5"]
[White "Corvi, Marco"]
[Black "D'Apa, Stefano"]
[Result "0-1"]
[WhiteElo "2215"]
[BlackElo "2210"]
[PlyCount "77"]
[EventDate "1996.03.30"]

1. c4 e5 2. Nc3 Nc6 3. g3 Nf6 4. Bg2 Bb4 5. Nd5 Bc5 6. e3 O-O 7. Ne2 Nxd5 8.
cxd5 Nb8 9. O-O c6 10. d4 exd4 11. exd4 Be7 12. Nc3 d6 13. Re1 Re8 14. Bf4 cxd5
15. Nxd5 Nc6 16. Qd2 Rb8 17. Rac1 Bf8 18. Bg5 Rxe1+ 19. Rxe1 Qd7 20. b4 Qf5 21.
Be4 Qd7 22. b5 Nd8 23. b6 a6 24. Bxh7+ Kxh7 25. Qc2+ Qf5 26. Re4 Nc6 27. Ne3
Qg6 28. d5 Ne5 29. Bd8 Kg8 30. Rxe5 Qxc2 31. Nxc2 dxe5 32. Bc7 Ra8 33. Bxe5 Bh3
34. Bc7 Re8 35. Ne3 Bc5 36. d6 Bxe3 37. fxe3 Rxe3 38. Kf2 Ra3 39. Ke2 0-1

[Event "XI Festival Magistrale"]
[Site "Celle Ligure ITA"]
[Date "1996.03.??"]
[Round "5"]
[White "Cugini, Verter"]
[Black "Cordara, Michele"]
[Result "1/2-1/2"]
[WhiteElo "2260"]
[BlackElo "2200"]
[PlyCount "62"]
[EventDate "1996.03.30"]

1. e4 c5 2. g3 d5 3. exd5 Qxd5 4. Nf3 Bg4 5. Bg2 Qe6+ 6. Kf1 Nc6 7. h3 Bh5 8.
d3 Qd7 9. Be3 e6 10. g4 Bg6 11. Nh4 Nf6 12. Nc3 Be7 13. Nxg6 hxg6 14. Ne4 b6
15. Nxf6+ Bxf6 16. c3 Rd8 17. Qa4 Ne7 18. Qxd7+ Rxd7 19. Ke2 g5 20. Rad1 Nd5
21. Rd2 Ke7 22. c4 Nf4+ 23. Bxf4 gxf4 24. Be4 g5 25. Kf3 Rh4 26. b3 Bd4 27.
Rdd1 Rd8 28. Rb1 Kd6 29. Kg2 Rdh8 30. Rbe1 R4h6 31. Rb1 Rf8 1/2-1/2

[Event "XI Festival Magistrale"]
[Site "Celle Ligure ITA"]
[Date "1996.03.??"]
[Round "5"]
[White "Hitzgerova, Gabriela"]
[Black "Astengo, Marcello"]
[Result "0-1"]
[WhiteElo "2155"]
[BlackElo "2095"]
[PlyCount "118"]
[EventDate "1996.03.30"]

1. e4 e6 2. d4 d5 3. Nd2 Nf6 4. e5 Nfd7 5. Bd3 c5 6. c3 Nc6 7. Ne2 Qb6 8. Nf3
cxd4 9. cxd4 f6 10. exf6 Nxf6 11. O-O Bd6 12. Nc3 O-O 13. Be3 Bd7 14. a3 Rae8
15. Qc2 Bb8 16. Rad1 a6 17. Ne5 Re7 18. Ne2 Be8 19. Qd2 Bh5 20. f3 Ba7 21. Bf2
Ne8 22. Bb1 Qc7 23. Rc1 Qd6 24. Nxc6 bxc6 25. Qd3 Nf6 26. Qxa6 Be8 27. Kh1 Nh5
28. b4 Bb8 29. Ng3 Nf4 30. Rc3 h5 31. Re1 h4 32. Nf1 g5 33. Re5 Rg7 34. Qb6 h3
35. g3 Ng2 36. Re2 Re7 37. Qc5 Qd7 38. Bd3 Ref7 39. Bg6 Rxf3 40. Rxf3 Rxf3 41.
Bxe8 Qxe8 42. Qc1 Rf5 43. Ne3 Nxe3 44. Qxe3 e5 45. g4 Rf4 46. dxe5 Qf8 47. Kg1
Rxg4+ 48. Bg3 Qf4 49. Qb6 Bxe5 50. Qd8+ Kh7 51. Rxe5 Rxg3+ 52. hxg3 Qxg3+ 53.
Kf1 Qf4+ 54. Kg1 h2+ 55. Kg2 Qxe5 56. Qd7+ Kg6 57. Qxc6+ Kh5 58. Qc1 Kh4 59.
Qd2 Qg3+ 0-1

[Event "XI Festival Magistrale"]
[Site "Celle Ligure ITA"]
[Date "1996.03.??"]
[Round "5"]
[White "Marinescu, Marian"]
[Black "Escofet, Jaime"]
[Result "1/2-1/2"]
[WhiteElo "2140"]
[BlackElo "2215"]
[PlyCount "62"]
[EventDate "1996.03.30"]

1. e4 e6 2. d3 c5 3. Nf3 d5 4. Nbd2 Nf6 5. g3 Nc6 6. Bg2 Be7 7. O-O O-O 8. e5
Nd7 9. Re1 Nb6 10. h4 h5 11. Nf1 Re8 12. Ng5 g6 13. Bf3 Kg7 14. Bxh5 Nd4 15.
Nxf7 Kxf7 16. Bxg6+ Kxg6 17. Qg4+ Kh7 18. Qh5+ Kg8 19. Nh2 Bf8 20. Ng4 Bg7 21.
Bg5 Nf3+ 22. Kg2 Nxg5 23. hxg5 Re7 24. Nf6+ Kf8 25. Rh1 Rf7 26. Qg6 Ke7 27. Rh7
Qf8 28. f4 Bd7 29. c3 d4 30. c4 Bc6+ 31. Kf2 Rc8 1/2-1/2

[Event "XI Festival Magistrale"]
[Site "Celle Ligure ITA"]
[Date "1996.03.??"]
[Round "5"]
[White "Nurkic, Sahbaz"]
[Black "Zlochevskij, Alexander"]
[Result "1/2-1/2"]
[WhiteElo "2365"]
[BlackElo "2405"]
[PlyCount "145"]
[EventDate "1996.03.30"]

1. e4 e6 2. d4 d5 3. Nd2 c5 4. Ngf3 Nf6 5. e5 Nfd7 6. c3 Nc6 7. Bd3 Qb6 8. O-O
g6 9. dxc5 Nxc5 10. Nb3 Nxb3 11. axb3 Bg7 12. Re1 O-O 13. Bg5 Bd7 14. b4 f6 15.
exf6 Bxf6 16. b5 Ne7 17. Bh6 Rf7 18. Be3 Qd6 19. Bd4 Bxd4 20. cxd4 Nf5 21. Qd2
Rff8 22. Ra3 Qb6 23. Bxf5 Rxf5 24. Ne5 Bxb5 25. Rb3 Rd8 26. Qb4 a6 27. Qe7 Qd6
28. Qxb7 Qb8 29. Qe7 Qd6 30. Qh4 Rdf8 31. Rg3 Be8 32. Rge3 Rf4 33. Qh3 Rxf2 34.
Nf3 Rxb2 35. Ng5 Rb7 36. Rxe6 Qd7 37. Qe3 Bf7 38. Re5 Qd6 39. Qh3 h5 40. Qd3
Rb6 41. h4 a5 42. Re6 Qc7 43. Rxb6 Qxb6 44. Re6 Qc7 45. Nxf7 Qc1+ 46. Kh2 Qf4+
47. g3 Qxf7 48. Rxg6+ Kh8 49. Rg5 Re8 50. Rf5 Re3 51. Qf1 Re2+ 52. Kh3 Qg6 53.
Qf3 Qg4+ 54. Qxg4 hxg4+ 55. Kxg4 Re4+ 56. Kg5 Rxd4 57. Rf8+ Kh7 58. Ra8 a4 59.
Ra7+ Kg8 60. h5 Rb4 61. g4 d4 62. Kg6 Rb6+ 63. Kf5 Rd6 64. g5 d3 65. Ra8+ Kh7
66. g6+ Kh6 67. Rh8+ Kg7 68. Rh7+ Kg8 69. h6 d2 70. Rf7 Rd8 71. Kf6 d1=Q 72.
Rg7+ Kh8 73. Rh7+ 1/2-1/2

[Event "XI Festival Magistrale"]
[Site "Celle Ligure ITA"]
[Date "1996.03.??"]
[Round "5"]
[White "Sulava, Nenad"]
[Black "Vismara, Daniele"]
[Result "1-0"]
[WhiteElo "2480"]
[BlackElo "2235"]
[PlyCount "81"]
[EventDate "1996.03.30"]

1. Nf3 Nf6 2. g3 g6 3. b3 Bg7 4. Bb2 d6 5. d4 Bg4 6. Bg2 Qc8 7. h3 Bd7 8. c4 c5
9. Nc3 cxd4 10. Nxd4 Nc6 11. Nc2 O-O 12. Ne3 a6 13. Qd2 Be6 14. Rc1 Qd8 15. f4
Qa5 16. a3 Rfc8 17. b4 Qd8 18. g4 Rab8 19. Bf3 a5 20. Ncd5 Bxd5 21. cxd5 Na7
22. Rxc8 Rxc8 23. g5 Ne8 24. Bxg7 Nxg7 25. Bg2 Rc7 26. Kf2 Nb5 27. Qd3 Nc3 28.
Nc4 axb4 29. axb4 f5 30. Bf3 b5 31. Na5 Qb8 32. Nc6 Qb6+ 33. Kg2 Ne4 34. Bxe4
fxe4 35. Qxe4 e6 36. Ra1 Kf7 37. Nd8+ Ke7 38. Nxe6 Rc4 39. Nd4+ Kd7 40. e3 Rxb4
41. Ra8 1-0

[Event "XI Festival Magistrale"]
[Site "Celle Ligure ITA"]
[Date "1996.03.??"]
[Round "5"]
[White "Zoldan, Matteo"]
[Black "Mollero, Michele"]
[Result "1/2-1/2"]
[WhiteElo "1972"]
[BlackElo "1969"]
[PlyCount "39"]
[EventDate "1996.03.30"]

1. c4 f5 2. g3 Nf6 3. Bg2 e5 4. Nc3 g6 5. d3 Bg7 6. e4 O-O 7. Nge2 d6 8. O-O c6
9. h3 Be6 10. exf5 gxf5 11. f4 Nbd7 12. Be3 Kh8 13. Rb1 Rg8 14. b4 a6 15. a4
Qe8 16. Qd2 Qg6 17. Kh2 Nh5 18. Rg1 Ndf6 19. Bf3 Bf8 20. b5 1/2-1/2

[Event "XI Festival Magistrale"]
[Site "Celle Ligure ITA"]
[Date "1996.03.??"]
[Round "6"]
[White "Cugini, Verter"]
[Black "Nurkic, Sahbaz"]
[Result "0-1"]
[WhiteElo "2260"]
[BlackElo "2365"]
[PlyCount "106"]
[EventDate "1996.03.30"]

1. e4 c5 2. g3 d5 3. exd5 Qxd5 4. Nf3 Nc6 5. Nc3 Qd8 6. Bg2 Bg4 7. h3 Bh5 8.
O-O e6 9. d3 Nf6 10. Be3 Be7 11. g4 Bg6 12. d4 Ne4 13. Nxe4 Bxe4 14. dxc5 Qxd1
15. Rfxd1 Bxc2 16. Rd2 Be4 17. Rc1 Rc8 18. Nd4 Bxg2 19. Kxg2 Nb4 20. c6 bxc6
21. a3 Nd5 22. Nxc6 Bd6 23. Rdc2 Kd7 24. Nxa7 Rb8 25. Nc6 Rb3 26. Kf3 h5 27. g5
Ra8 28. Nd4 Rb7 29. Rd1 Ra4 30. Rd3 e5 31. Rb3 Rxb3 32. Nxb3 f5 33. gxf6 gxf6
34. Nc5+ Bxc5 35. Bxc5 f5 36. b3 Rf4+ 37. Kg2 e4 38. a4 Rf3 39. Rb2 Nf4+ 40.
Kh2 Rxh3+ 41. Kg1 Rc3 42. Be3 Nd3 43. Rb1 f4 44. Bd4 Rc2 45. Ra1 Nc1 46. Be5
Ke6 47. Bb8 Nxb3 48. Ra3 Nd4 49. Rh3 h4 50. Ra3 Kf5 51. a5 Kg4 52. Ra1 Nf3+ 53.
Kf1 e3 0-1